000 00268nam a2200121 i 4500
001 bg
245 0 _aStanki i rezuščie instrumenti.V.6.
260 _aCharków,
_c1967.
040 _cBPK
041 _apol
942 _cKS
008 s pl f |000 0 pol
999 _c12649
_d12649
856 _uhttp://koha.tu.koszalin.pl/cgi-bin/koha/opac-detail.pl?biblionumber=12649
_yKatalog online BPK